000 00399nam a22001697a 4500
003 MPLRDC
005 20220104175047.0
008 210129b ||||| |||| 00| 0 eng d
020 _a967-917-339-9
082 _a524.9461 ABD c.2
100 _aNORAINI BT ABDULLAH
245 _aSPM BIOLOGI
_c
260 _a
_bPERSEKUTUAN PRESTON
_c
300 _b
650 _a
942 _cBK
_o524.9461 ABD c.2
999 _c60177
_d60167